Optimization of peak to average power ratio in OFDM systems (Record no. 181739)

000 -LEADER
fixed length control field 00832 a2200181 4500
003 - CONTROL NUMBER IDENTIFIER
control field Nust
005 - DATE AND TIME OF LATEST TRANSACTION
control field 20170207153219.0
040 ## - CATALOGING SOURCE
Transcribing agency Nust
082 ## - DEWEY DECIMAL CLASSIFICATION NUMBER
Classification number 621.382
100 ## - MAIN ENTRY--PERSONAL NAME
Personal name Maqbool, Muhammad (MSEE-8)
245 ## - TITLE STATEMENT
Title Optimization of peak to average power ratio in OFDM systems
Statement of responsibility, etc. Muhammad Maqbool
260 ## - PUBLICATION, DISTRIBUTION, ETC.
Name of publisher, distributor, etc. MCS,NUST
Date of publication, distribution, etc. 2004
Place of publication, distribution, etc. Rawalpindi
300 ## - PHYSICAL DESCRIPTION
Extent xvi,130, p.;
505 ## - FORMATTED CONTENTS NOTE
Formatted contents note Introduction to Thesis (page-1) Evolution of OFDM and its various applications (page-5) Basics of multicarrier modulation OFDM (page-25) Peak to average power ratio (page-41) Study of existing papr solutions (page-53) Simulations and algorithmic details (page-63) Complete OFDM system simulations (page-67) Conclusion of Thesis and recommendations for future work (page-111)
538 ## - SYSTEM DETAILS NOTE
System details note Almirah No 69 Shelf No 1
650 ## - SUBJECT ADDED ENTRY--TOPICAL TERM
Topical term or geographic name entry element PG Thesis
651 ## - SUBJECT ADDED ENTRY--GEOGRAPHIC NAME
Geographic name MSEE-8
942 ## - ADDED ENTRY ELEMENTS (KOHA)
Koha item type
Holdings
Withdrawn status Lost status Source of classification or shelving scheme Damaged status Not for loan Collection code Permanent Location Current Location Date acquired Total Checkouts Full call number Barcode Date last seen Price effective from Koha item type
            Military College of Signals (MCS) Military College of Signals (MCS) 12/12/2016   621.382 MAQ MCSTEE-103 12/08/2016 12/12/2016 Book
            Military College of Signals (MCS) Military College of Signals (MCS) 12/12/2016   621.382 MAQ MCSTEE-20 12/08/2016 12/12/2016 Book
© 2023 Central Library, National University of Sciences and Technology. All Rights Reserved.